| 000 | 00678cam a2200205 a 4500 | ||
|---|---|---|---|
| 020 | _a0027545210 : | ||
| 040 | _cDLC | ||
| 082 | 0 | 0 | _a567 MAX 1991 A025 Or. |
| 100 | 1 | _aLauber, Patricia. | |
| 245 | 1 | 0 | _aLiving with dinosaurs / |
| 250 | _a1st ed. | ||
| 260 |
_aNew York : _bBradbury Press ; _aToronto : _bCollier Macmillan Canada ; _aNew York : _bMaxwell Macmillan International Pub. Group, _cc1991. |
||
| 300 |
_a46 p. : _bcol. ill. ; _c28 cm. |
||
| 500 | _aIncludes index. | ||
| 520 | _aRecreates life among the dinosaurs living in North America seventy-five million years ago. | ||
| 650 | 0 | _aDinosaurs | |
| 650 | 1 | _aDinosaurs. | |
| 700 | 1 | _aHenderson, Doug, | |
| 942 | _cEK | ||
| 999 |
_c13415 _d13415 |
||